[Event "Challenge"]
[Site "http://www.queenalice.com/game.php?id=358777"]
[Date "2008.2.22"]
[Round "-"]
[White "Judith27"]
[Black "prmntgen"]
[Result "1-0"]
[WhiteElo "1879"]
[BlackElo "1709"]

1. e4 e5 2. Nf3 d6 3. Bc4 h6 4. h3 Nf6 5. d3 Nbd7 6. a3 a6 7. Be3 c6 8. Nbd2 Be7
9. Ba2 Nb6 10. c3 Nbd7 11. Qc2 d5 12. Nf1 Bc5 13. Bxc5 Nxc5 14. Ng3 dxe4 15.
Nxe4 Ncxe4 16. dxe4 O-O 17. Rd1 Qc7 18. O-O Rd8 19. Rxd8+ Qxd8 20. Nxe5 Be6 21.
Bxe6 fxe6 22. Rd1 Qc7 23. Nc4 Rd8 24. Rxd8+ Qxd8 25. f3 Qc7 26. e5 Nd5 27. Qd2
b5 28. Nd6 Qb6+ 29. Kh2 Ne3 30. Qe2 Qc5 31. f4 g5 32. Ne4 Qa7 33. Nf6+ Kf8 34.
fxg5 hxg5 35. Qf3 Kg7 36. Ne4 1-0

[Event "Challenge"]
[Site "http://www.queenalice.com/game.php?id=358778"]
[Date "2008.2.22"]
[Round "-"]
[White "prmntgen"]
[Black "Judith27"]
[Result "0-1"]
[WhiteElo "1709"]
[BlackElo "1802"]

1. d4 Nf6 2. c4 c5 3. e3 e6 4. Nf3 b6 5. Nc3 Bb7 6. Be2 d5 7. cxd5 Nxd5 8. Nxd5
Bxd5 9. Qa4+ Bc6 10. Bb5 Bxb5 11. Qxb5+ Qd7 12. Qd3 Nc6 13. O-O cxd4 14. exd4
Be7 15. a3 Rd8 16. Rd1 Bf6 17. Be3 O-O 18. Rd2 Rfe8 19. Rad1 Qd5 20. Bg5 Bxg5
21. Nxg5 Qxg5 0-1

[Event "AUTO-ADV-815"]
[Site "http://www.queenalice.com/game.php?id=360671"]
[Date "2008.2.25"]
[Round "1"]
[White "LadyAndrea"]
[Black "Judith27"]
[Result "0-1"]
[WhiteElo "1661"]
[BlackElo "1891"]

1. d4 Nf6 2. e3 e6 3. a3 d5 4. c4 c6 5. Bd2 Be7 6. c5 Nbd7 7. Bd3 b6 8. b4 e5 9.
Ne2 e4 10. Bc2 bxc5 11. bxc5 Ba6 12. Nbc3 Bxe2 13. Qxe2 O-O 14. Na2 a5 15. a4
Qc7 16. Rb1 Ne8 17. Nc3 f5 18. f4 Nef6 19. h3 Rfb8 20. O-O Rxb1 21. Rxb1 Rb8 22.
Bb3 Nf8 23. Be1 Qc8 24. Bh4 Ng6 25. Bxf6 Bxf6 26. Qa6 Qxa6 27. Kf2 Nxf4 28. exf4
Bxd4+ 29. Kg3 Qd3+ 0-1

[Event "AUTO-ADV-815"]
[Site "http://www.queenalice.com/game.php?id=360672"]
[Date "2008.2.25"]
[Round "1"]
[White "Judith27"]
[Black "LadyAndrea"]
[Result "1-0"]
[WhiteElo "1890"]
[BlackElo "1702"]

1. e4 e6 2. Nf3 a6 3. d4 d5 4. e5 c5 5. c3 h6 6. Be3 Qb6 7. Qc2 c4 8. Nbd2 Bd7
9. Be2 Be7 10. O-O Nc6 11. Ne1 Bg5 12. Bxg5 hxg5 13. f4 gxf4 14. Rxf4 O-O-O 15.
Rxf7 g5 16. Rg7 Nge7 17. Rxg5 Nf5 18. Nf1 Rdf8 19. Qd2 Qd8 20. b4 b5 21. a4 Nb8
22. axb5 Bxb5 23. Rh5 Rxh5 24. Bxh5 Qh4 25. Bd1 Rh8 26. Nf3 Qh7 27. Qf4 Kb7 28.
Bc2 Qh5 29. Bd1 Rg8 30. Ng3 Nxg3 31. hxg3 Rh8 32. Nh4 Qh7 33. Qd2 Rg8 34. Bc2
Qg7 35. Ng6 Nd7 36. Rf1 Nf8 37. Rxf8 Rxf8 38. Nxf8 Qxf8 39. Qf4 Qxf4 40. gxf4
Kc7 41. g4 Be8 42. Kg2 Kd7 43. Ba4+ Ke7 44. Bxe8 Kxe8 45. g5 Kf7 46. Kg3 Kg7 47.
Kg4 Kg6 48. Kh4 Kf5 49. Kh5 Kxf4 50. g6 Ke4 51. g7 Kd3 52. g8=Q Kxc3 53. Qxe6
Kxd4 54. Qf6 Kc3 55. e6+ Kxb4 56. e7 1-0

[Event "AUTO-ADV-815"]
[Site "http://www.queenalice.com/game.php?id=360683"]
[Date "2008.2.25"]
[Round "1"]
[White "michas"]
[Black "Judith27"]
[Result "1-0"]
[WhiteElo "1851"]
[BlackElo "1902"]

1. e4 c5 2. Nf3 e6 3. Nc3 a6 4. d4 cxd4 5. Qxd4 Nc6 6. Qd1 d6 7. Bd3 Be7 8. Be3
e5 9. h3 Nf6 10. a3 b5 11. Na2 Bb7 12. g4 h6 13. Nd2 Nb8 14. g5 hxg5 15. Bxg5
Nbd7 16. b4 Rc8 17. c4 bxc4 18. Nxc4 Nxe4 19. Bxe4 Rxc4 20. Bxe7 Qxe7 21. Bxb7
1-0

[Event "AUTO-ADV-815"]
[Site "http://www.queenalice.com/game.php?id=360684"]
[Date "2008.2.25"]
[Round "1"]
[White "Judith27"]
[Black "michas"]
[Result "1/2-1/2"]
[WhiteElo "1870"]
[BlackElo "1869"]

1. d4 a6 2. e4 e6 3. Nf3 b5 4. Bd3 Bb7 5. c3 Nf6 6. h3 Nxe4 7. Qc2 Nd6 8. Nbd2
Nc6 9. a3 Ne7 10. Be2 Ng6 11. Nf1 Be4 12. Qd1 Be7 13. Ng3 Bb7 14. Be3 O-O 15.
Qd2 Nc4 16. Qc1 Nxe3 17. Qxe3 Bd6 18. Ne4 Be7 19. Ned2 d6 20. c4 bxc4 21. Nxc4
1/2-1/2

[Event "AUTO-ADV-815"]
[Site "http://www.queenalice.com/game.php?id=360689"]
[Date "2008.2.25"]
[Round "1"]
[White "luizpessoa"]
[Black "Judith27"]
[Result "0-1"]
[WhiteElo "1761"]
[BlackElo "1885"]

1. e4 Nf6 2. d3 c5 3. Nf3 d6 4. h3 Nc6 5. Bg5 Nd7 6. Nc3 h6 7. Bh4 Nf6 8. Bxf6
exf6 9. Be2 Be6 10. a3 Be7 11. Qd2 a6 12. d4 cxd4 13. Nxd4 Nxd4 14. Qxd4 O-O 15.
f4 f5 16. exf5 Bxf5 17. g4 Bf6 18. Qf2 Bh4 19. Qxh4 Qxh4+ 20. Kd2 Bd7 21. Raf1
Qd8 22. Kc1 Bc6 23. Rh2 Re8 24. f5 f6 25. h4 b5 26. b3 Rc8 27. Kb2 Qb6 28. g5
hxg5 29. hxg5 b4 30. gxf6 bxc3+ 31. Ka2 Rxe2 32. Rxe2 gxf6 33. Re6 Qd4 34. Rfe1
a5 35. Re7 a4 36. Ra7 Qxa7 0-1

[Event "AUTO-ADV-815"]
[Site "http://www.queenalice.com/game.php?id=360690"]
[Date "2008.2.25"]
[Round "1"]
[White "Judith27"]
[Black "luizpessoa"]
[Result "0-1"]
[WhiteElo "1950"]
[BlackElo "1726"]

1. e4 e5 2. Nf3 d6 3. Bc4 h6 4. d3 a6 5. a3 Bg4 6. Nbd2 b5 7. Ba2 c5 8. Bd5 Ra7
9. b4 Nf6 10. Bb2 Nxd5 11. exd5 cxb4 12. axb4 Qc7 13. Ra5 Qb7 14. Qa1 Qxd5 15.
Qa2 Qb7 16. h3 Nc6 17. Ra3 Nxb4 18. Qb1 Qc7 19. c3 Bxf3 20. Nxf3 Nc6 21. O-O d5
22. Ra1 a5 23. Re1 Bd6 24. Qd1 O-O 25. Qb3 Ne7 26. Qc2 b4 27. c4 d4 28. Rec1 Bc5
29. Re1 Ng6 30. Bc1 Rfa8 31. Ra4 Qc6 32. Nxe5 Nxe5 33. Rxe5 Re8 34. Rxe8+ Qxe8
35. Kf1 f6 36. Ra2 a4 37. Qb1 b3 38. Re2 Qc6 39. Qb2 Qb6 40. Re1 a3 41. Qe2 a2
0-1

[Event "Challenge"]
[Site "http://www.queenalice.com/game.php?id=362685"]
[Date "2008.2.28"]
[Round "-"]
[White "Judith27"]
[Black "hendrik"]
[Result "0-1"]
[WhiteElo "1862"]
[BlackElo "2187"]

1. d4 Nf6 2. Nf3 g6 3. c3 Bg7 4. Bg5 O-O 5. Nbd2 d6 6. e4 c5 7. Be2 h6 8. Bh4 g5
9. Bg3 g4 10. Ng1 cxd4 11. cxd4 Qb6 12. Nc4 Qb5 13. Qc2 Nc6 14. Rd1 d5 15. Nd6
Qb4+ 16. Qc3 Qxc3+ 17. bxc3 exd6 18. Bxd6 Re8 19. e5 Ne4 20. Bb4 a5 21. Ba3 Nxc3
22. Rd2 f6 23. f4 gxf3 24. Nxf3 fxe5 0-1

[Event "Challenge"]
[Site "http://www.queenalice.com/game.php?id=386005"]
[Date "2008.4.11"]
[Round "-"]
[White "Judith27"]
[Black "charles31"]
[Result "0-1"]
[WhiteElo "1900"]
[BlackElo "1787"]

1. d4 d5 2. Nf3 e6 3. e3 c5 4. c3 Nf6 5. Nbd2 Nc6 6. dxc5 Bxc5 7. Nd4 O-O 8.
N2f3 Bd6 9. Bd3 e5 10. Nxc6 bxc6 11. Bc2 Rb8 12. O-O Qc7 13. h3 e4 14. Ne1 Ba6
15. b4 Bh2+ 16. Kh1 Bxf1 17. Nf3 Bxg2+ 0-1

[Event "Challenge"]
[Site "http://www.queenalice.com/game.php?id=386006"]
[Date "2008.4.11"]
[Round "-"]
[White "charles31"]
[Black "Judith27"]
[Result "0-1"]
[WhiteElo "1810"]
[BlackElo "1874"]

1. e4 d6 2. d4 Nf6 3. Nc3 c6 4. Bg5 Nbd7 5. Qf3 Qa5 6. Bd3 Qxg5 7. Nh3 Qg4 8.
Qe3 Nb6 9. Nf4 Qg5 10. O-O-O Ng4 11. Qe2 g6 12. g3 Bg7 13. h3 Nh6 14. Kb1 Bxd4
15. Qd2 Ng8 16. h4 Qf6 17. Nfe2 Qxf2 18. Nxd4 Qxd4 19. g4 Bxg4 20. Rdg1 h5 21.
Rf1 f6 22. Qf4 Qe5 23. Qe3 O-O-O 24. Re1 Nh6 25. Ne2 Bxe2 26. Rxe2 Ng4 27. Qd2
Na4 28. c3 Nc5 29. Bc2 Qe6 30. Qd4 Nd7 31. Qxa7 Qc4 32. Rhe1 Nge5 33. Re3 Qa6
34. Qd4 c5 35. Qd2 Nc4 36. Qg2 Nxe3 37. Rxe3 Ne5 38. Qh3+ Rd7 39. Bb3 c4 40. Bc2
Kc7 41. Qe6 Qb6 42. Ba4 Qxe3 43. a3 Qxe4+ 44. Ka2 f5 45. Bxd7 Nxd7 46. Qf7 f4
0-1

[Event "Let's Play Chess!"]
[Site "http://www.queenalice.com/game.php?id=386984"]
[Date "2008.4.13"]
[Round "-"]
[White "Judith27"]
[Black "shadrach"]
[Result "1/2-1/2"]
[WhiteElo "1900"]
[BlackElo "1859"]

1. c4 c5 2. Nf3 g6 3. g3 Bg7 4. Bg2 Nc6 5. Nc3 Nf6 6. d3 d6 7. O-O O-O 8. Qc2
Bf5 9. e4 Bg4 10. Be3 Qc8 11. Rfd1 Bh3 12. Ne2 e5 13. Rab1 a6 14. a3 Rb8 15. Nc3
b5 16. cxb5 axb5 17. Na2 b4 18. axb4 Nxb4 19. Nxb4 cxb4 20. Qxc8 Bxc8 21. Ra1
Be6 22. Nd2 Ng4 23. b3 Nxe3 24. fxe3 Rfc8 25. Rac1 Rxc1 26. Rxc1 Rc8 27. Rxc8+
Bxc8 28. Kf2 Kf8 29. Nc4 Ke7 30. Nb6 Bb7 31. Bh3 Kd8 32. Kf3 Kc7 33. Nd5+ Bxd5
34. exd5 Kd8 35. e4 Ke7 36. g4 Bf6 37. Bf1 1/2-1/2

[Event "Challenge"]
[Site "http://www.queenalice.com/game.php?id=387065"]
[Date "2008.4.13"]
[Round "-"]
[White "mustangmike"]
[Black "Judith27"]
[Result "0-1"]
[WhiteElo "1906"]
[BlackElo "1823"]

1. e4 d6 2. Nf3 g6 3. Bc4 Nf6 4. d3 Bg7 5. Bg5 Nbd7 6. Nc3 c6 7. O-O e5 8. Qd2
b5 9. Bb3 a5 10. a4 b4 11. Ne2 c5 12. Bd5 Ra7 13. h3 Nb6 14. Bh6 Bxh6 15. Qxh6
Nbxd5 16. exd5 Kd7 17. Ng5 Qf8 18. Qh4 h5 19. Qc4 Ba6 20. Qb3 Qe7 21. f4 e4 22.
Rae1 exd3 23. cxd3 Qe3+ 24. Kh1 Qxd3 25. Qxd3 Bxd3 26. Nxf7 Rf8 27. Ng5 Kc8 28.
Rf2 Ne4 29. Nxe4 Bxe4 30. Rd1 Raf7 31. h4 Rf5 32. Ng3 Rxf4 33. Nxe4 Rxf2 34.
Nxf2 Rxf2 35. b3 Rf4 36. g3 Rf3 37. Rb1 Rxg3 38. Kh2 Rd3 39. Rf1 Rxb3 40. Rf6
Kd7 41. Rf7+ Ke8 42. Ra7 Rd3 43. Rxa5 Rxd5 44. Rb5 Rd3 45. Kg2 Ra3 46. a5 c4 47.
Kf2 b3 48. Ke1 c3 0-1

[Event "Challenge"]
[Site "http://www.queenalice.com/game.php?id=387066"]
[Date "2008.4.13"]
[Round "-"]
[White "Judith27"]
[Black "mustangmike"]
[Result "1-0"]
[WhiteElo "1803"]
[BlackElo "1909"]

1. c4 Nc6 2. Nf3 e6 3. Nc3 Nf6 4. g3 Bd6 5. d3 O-O 6. Bg2 b6 7. e4 e5 8. O-O Bb4
9. Bd2 Bc5 10. h3 h6 11. Nh2 Bd4 12. Nf3 Bxc3 13. Bxc3 d6 14. b4 a5 15. b5 1-0

[Event "Let's Play Chess!"]
[Site "http://www.queenalice.com/game.php?id=387535"]
[Date "2008.4.14"]
[Round "-"]
[White "Judith27"]
[Black "CampbellMarcel"]
[Result "0-1"]
[WhiteElo "1819"]
[BlackElo "1813"]

1. d4 e6 2. Nf3 c5 3. e3 cxd4 4. exd4 d5 5. Bd3 g6 6. c3 Nf6 7. Bg5 Be7 8. Nbd2
O-O 9. Bh6 Re8 10. h3 Bf8 11. Bg5 Nbd7 12. Ne5 Bg7 13. Ndf3 Qb6 14. Nxd7 Nxd7
15. Qd2 f6 16. Bf4 e5 17. dxe5 fxe5 18. Be3 d4 19. cxd4 exd4 20. Bc4+ Kh8 21.
O-O dxe3 0-1

[Event "Let's Play Chess!"]
[Site "http://www.queenalice.com/game.php?id=389821"]
[Date "2008.4.18"]
[Round "-"]
[White "gustavline"]
[Black "Judith27"]
[Result "1-0"]
[WhiteElo "1830"]
[BlackElo "1835"]

1. e4 e5 2. f4 exf4 3. Nf3 d6 4. d4 Nf6 5. Nc3 Be7 6. Bxf4 O-O 7. Bd3 c6 8. Qd2
c5 9. d5 a6 10. O-O-O b5 11. Kb1 b4 12. Ne2 Qc7 13. Bc4 Nxe4 14. Qe1 a5 15. Ng3
Nxg3 16. Qxg3 Re8 17. Rde1 Nd7 18. Bh6 g6 19. Bg5 Qd8 20. Re2 Bxg5 21. Rxe8+
Qxe8 22. Nxg5 Qe5 23. Qh4 Nf6 24. Re1 1-0

[Event "Let's Play Chess!"]
[Site "http://www.queenalice.com/game.php?id=389822"]
[Date "2008.4.18"]
[Round "-"]
[White "Judith27"]
[Black "gustavline"]
[Result "0-1"]
[WhiteElo "1853"]
[BlackElo "1812"]

1. d4 Nf6 2. Nf3 d6 3. e3 g6 4. h3 Bg7 5. c3 O-O 6. Bd3 Nc6 7. Nbd2 a6 8. e4 b5
9. Be2 Re8 10. b4 Bb7 11. Qc2 e6 12. O-O e5 13. d5 Ne7 14. c4 c6 15. a3 cxd5 16.
cxd5 Rc8 17. Qb3 Nh5 18. Rd1 Nf4 19. Nf1 Nxe2+ 0-1

[Event "Challenge"]
[Site "http://www.queenalice.com/game.php?id=390817"]
[Date "2008.4.20"]
[Round "-"]
[White "SRIVERO"]
[Black "Judith27"]
[Result "1-0"]
[WhiteElo "1725"]
[BlackElo "1898"]

1. d4 Nf6 2. c4 b6 3. Nc3 d5 4. Nf3 e6 5. e3 Be7 6. Qc2 Nbd7 7. Bd3 Bb7 8. cxd5
exd5 9. O-O c6 10. e4 dxe4 11. Nxe4 Nxe4 12. Bxe4 Nf6 13. Re1 Nxe4 14. Rxe4 c5
15. Rf4 cxd4 16. Qa4+ Qd7 17. Qxd7+ Kxd7 18. Rxd4+ Ke8 19. Bf4 Bxf3 20. gxf3 Rd8
21. Rxd8+ Kxd8 22. a4 Kc8 23. Rc1+ Kb7 24. Rc7+ 1-0

[Event "Challenge"]
[Site "http://www.queenalice.com/game.php?id=390820"]
[Date "2008.4.20"]
[Round "-"]
[White "Judith27"]
[Black "SRIVERO"]
[Result "0-1"]
[WhiteElo "1874"]
[BlackElo "1748"]

1. e4 g6 2. d4 d6 3. c3 Bg7 4. Be3 Nf6 5. Be2 O-O 6. h3 Nxe4 7. Nd2 Nxd2 8. Qxd2
Nd7 9. Bh6 e5 10. Bxg7 Kxg7 11. dxe5 dxe5 12. Bd3 f5 13. Ne2 b6 14. Ng3 Nc5 15.
Bc2 Qxd2+ 16. Kxd2 Bb7 17. f3 Rad8+ 18. Ke2 e4 19. fxe4 fxe4 20. Rhf1 h5 21.
Rxf8 Rxf8 22. Rf1 Rxf1 23. Nxf1 Ba6+ 24. Ke3 Bxf1 0-1

[Event "AUTO-ADV-815"]
[Site "http://www.queenalice.com/game.php?id=399007"]
[Date "2008.5.7"]
[Round "2"]
[White "Erinaldo"]
[Black "Judith27"]
[Result "1-0"]
[WhiteElo "1904"]
[BlackElo "1818"]

1. e4 e6 2. Nf3 c5 3. d4 cxd4 4. Nxd4 Nf6 5. Bg5 Qa5+ 6. Qd2 Qxd2+ 7. Nxd2 Be7
8. Nb5 Na6 9. Bxf6 Bxf6 10. Nd6+ Ke7 11. N2c4 b5 12. Nxb5 Rd8 13. O-O-O Nc5 14.
f3 Bg5+ 15. Kb1 Kf8 16. h4 Bf4 17. g4 d5 18. e5 Ba6 19. Na5 Bg3 20. Nc7 Rac8 21.
Nxa6 Nxa6 22. Bxa6 Rc7 23. h5 Bxe5 24. g5 Rb8 25. b3 1-0

[Event "AUTO-ADV-815"]
[Site "http://www.queenalice.com/game.php?id=399008"]
[Date "2008.5.7"]
[Round "2"]
[White "Judith27"]
[Black "Erinaldo"]
[Result "0-1"]
[WhiteElo "1842"]
[BlackElo "1890"]

1. d4 d5 2. Nf3 Nf6 3. b3 Bg4 4. Nbd2 Nbd7 5. Ba3 c6 6. h3 Bxf3 7. Nxf3 Qa5+ 8.
Nd2 Qxa3 9. e3 e5 10. Be2 Bb4 11. O-O O-O 12. f3 Qa5 13. Nb1 exd4 14. exd4 c5
15. dxc5 Bxc5+ 16. Kh1 Qc7 0-1

[Event "AUTO-ADV-815"]
[Site "http://www.queenalice.com/game.php?id=399011"]
[Date "2008.5.7"]
[Round "2"]
[White "dante72"]
[Black "Judith27"]
[Result "1-0"]
[WhiteElo "2102"]
[BlackElo "1823"]

1. e4 e5 2. Nf3 Nc6 3. Bc4 Be7 4. c3 Na5 5. Nxe5 Nxc4 6. Nxc4 d5 7. exd5 Qxd5 8.
Ne3 Qd8 9. d4 c6 10. O-O Nf6 11. f4 O-O 12. f5 Re8 13. Nd2 Bd6 14. Nf3 Qa5 15.
Nc4 Qc7 16. Nxd6 Qxd6 17. Nh4 Bd7 18. Bg5 Re4 19. Bxf6 Qxf6 20. g3 Rae8 21. Qd2
Re2 22. Qf4 Bc8 23. Rf2 Re1+ 24. Rxe1 Rxe1+ 25. Kg2 1-0

[Event "AUTO-ADV-815"]
[Site "http://www.queenalice.com/game.php?id=399012"]
[Date "2008.5.7"]
[Round "2"]
[White "Judith27"]
[Black "dante72"]
[Result "0-1"]
[WhiteElo "1828"]
[BlackElo "2098"]

1. d4 d5 2. Nf3 Nc6 3. c3 Bf5 4. e3 a6 5. Be2 e6 6. Nbd2 Bd6 7. a3 Nf6 8. c4
dxc4 9. Bxc4 O-O 10. b4 Ne4 11. Bb2 Bg4 12. Qc2 Nxd2 13. Nxd2 Qg5 14. Ne4 Qg6
15. h4 h5 16. Bd3 Bf5 17. f3 Ne7 18. O-O-O Nd5 19. Qd2 Rac8 20. g4 hxg4 21. h5
Qh6 22. f4 Nxe3 23. Nxd6 cxd6+ 24. Kb1 Bxd3+ 0-1